Historia de Nicaragua
| Main Author: | |
|---|---|
| Format: | Section = Libro |
| Language: | Undetermined Spanish |
| Published: |
Managua, Nicaragua
[s.e.]
2002
|
| Edition: | 2a.ed |
| Subjects: |
| LEADER | 00614nam a2200217Ia 4500 | ||
|---|---|---|---|
| 008 | 240830s9999 xx 000 0 und d | ||
| 020 | |a 99924-832-0-2 | ||
| 040 | |a B-ESTELÍ- RUACS / 972.85 H673 | ||
| 041 | |a spa | ||
| 082 | |a 972.85 H673 | ||
| 100 | 1 | |a Universidad Nacional Autónoma de Nicaragua | |
| 245 | 1 | 0 | |a Historia de Nicaragua |
| 250 | |a 2a.ed | ||
| 260 | |a Managua, Nicaragua |b [s.e.] |c 2002 | ||
| 300 | |a 405 p. :il | ||
| 650 | 7 | |a NICARAGUA-ABORIGENES-HISTORIA | |
| 650 | 7 | |b NICARAGUA-HISTORIA 1520-1821 | |
| 650 | 7 | |c ESTADO NACIONAL-HISTORIA 1821-1909 | |
| 942 | |c BK |2 ddc | ||
| 991 | |a TEXTO | ||
| 999 | |c 11696 | ||